01250nam a2200337Ia 4500001001200000003000800012006001900020007001500039008004100054010001700095020001500112020001800127020001800145020001800163020001500181040002100196035002100217050002400238245007900262260009500341300002500436504004100461533015200502650002600654650002800680655002900708700001700737710001700754856012600771999001500897ebr10698808CaPaEBRm o u cr cn|||||||||060223s2006 cc a sb 000 0 eng d z 2007272346 z7302108072 z9787302108078 z9789812566270 z9789812700858 z9812566279 aCaPaEBRcCaPaEBR a(OCoLC)82317066114aR857.M3bI69 2006eb00aIntroduction to biomaterialsh[electronic resource] /cDonglu Shi, editor. aBeijing, China :bTsinghua University Press ;aHackensack, NJ :bWorld Scientific,cc2006. axiii, 253 p. :bill. aIncludes bibliographical references. aElectronic reproduction.bPalo Alto, Calif. :cebrary,d2013.nAvailable via World Wide Web.nAccess may be limited to ebrary affiliated libraries. 0aBiomedical materials. 0aBiomedical engineering. 7aElectronic books.2local1 aShi, Donglu.2 aebrary, Inc.40uhttp://site.ebrary.com/lib/rucke/Doc?id=10698808zAn electronic book accessible through the World Wide Web; click to view c6059d6059